000 00317nam a2200133Ia 4500
005 20260328101445.0
008 260328s9999||||xx |||||||||||||| ||und||
100 _aOrtega, José
245 0 _aLa Deshumanización del Arte /
_cJosé Ortega
260 _bEl Arquero
300 _a209 p.
650 _aARTE
942 _cBK
999 _c8430
_d8430